Vies imaginaires / (Record no. 164996)

MARC details
000 -LEADER
campo de control de longitud fija 00607nam a22001695i 4500
001 - NÚMERO DE CONTROL
campo de control 164996
003 - IDENTIFICADOR DE NÚMERO DE CONTROL
campo de control ES-MaACL
005 - FECHA Y HORA DE LA ÚLTIMA TRANSACCIÓN
campo de control 20230906213040.0
008 - DATOS DE LONGITUD FIJA--INFORMACIÓN GENERAL
campo de control de longitud fija 050811s1896 fr | |||||||| ||fre d
040 ## - FUENTE DE CATALOGACIÓN
Centro catalogador/agencia de origen CAM
Lengua de catalogación spa
Centro/agencia transcriptor CAM
100 1# - ENTRADA PRINCIPAL--NOMBRE DE PERSONA
Nombre de persona Schwob, Marcel.
9 (RLIN) 104916
245 10 - MENCIÓN DEL TÍTULO
Título Vies imaginaires /
Mención de responsabilidad, etc. Marcel Schwob.
260 ## - PUBLICACIÓN, DISTRIBUCIÓN, ETC.
Lugar de publicación, distribución, etc. Paris :
Nombre del editor, distribuidor, etc. Bibliothèque-Charpentier,
Fecha de publicación, distribución, etc. 1896 (
Lugar de fabricación/manufactura Mayenne :
Fabricante Imprimerie de l'Ouest E. Soudée)
300 ## - DESCRIPCIÓN FÍSICA
Extensión 276 p. ;
Dimensiones 18 cm.
752 ## - ENTRADA AGREGADA--NOMBRE JERÁRQUICO DEL LUGAR
País o entidad superior Francia -
Ciudad París
852 ## - LOCALIZACIÓN
Ubicación ES-MaACL
Número de control de estantería F-3351
Nota libre -- Enc. tela conservando la cub. original
-- -- En la cub. original consta: Deuxième mille
Holdings
Estatus retirado Estado de pérdida Estado de daño No para préstamo Colección Biblioteca de origen Biblioteca actual Ubicación en estantería Fecha de adquisición Fuente de adquisición Total de préstamos Signatura topográfica completa Código de barras Visto por última vez Precio de reemplazo Tipo de ítem Koha
        Libros del s. XIX Biblioteca del Ateneo de Madrid Biblioteca del Ateneo de Madrid Depósito 2 17/01/2008     F-3351 1172966 23/02/2023 23/02/2023 Libro impreso antiguo